<?xml version="1.0" encoding="UTF-8"?><?xml-stylesheet type="text/xsl" href="static/style.xsl"?><OAI-PMH xmlns="http://www.openarchives.org/OAI/2.0/" xmlns:xsi="http://www.w3.org/2001/XMLSchema-instance" xsi:schemaLocation="http://www.openarchives.org/OAI/2.0/ http://www.openarchives.org/OAI/2.0/OAI-PMH.xsd"><responseDate>2026-04-17T05:39:51Z</responseDate><request verb="GetRecord" identifier="oai:www.recercat.cat:2072/399277" metadataPrefix="marc">https://recercat.cat/oai/request</request><GetRecord><record><header><identifier>oai:recercat.cat:2072/399277</identifier><datestamp>2026-04-12T01:44:51Z</datestamp><setSpec>com_2072_98</setSpec><setSpec>col_2072_378192</setSpec></header><metadata><record xmlns="http://www.loc.gov/MARC21/slim" xmlns:dcterms="http://purl.org/dc/terms/" xmlns:xsi="http://www.w3.org/2001/XMLSchema-instance" xmlns:doc="http://www.lyncode.com/xoai" xsi:schemaLocation="http://www.loc.gov/MARC21/slim http://www.loc.gov/standards/marcxml/schema/MARC21slim.xsd">
   <leader>00925njm 22002777a 4500</leader>
   <datafield ind2=" " ind1=" " tag="042">
      <subfield code="a">dc</subfield>
   </datafield>
   <datafield ind2=" " ind1=" " tag="720">
      <subfield code="a">Avilés Hernández, Manuela</subfield>
      <subfield code="e">author</subfield>
   </datafield>
   <datafield ind2=" " ind1=" " tag="260">
      <subfield code="c">2013</subfield>
   </datafield>
   <datafield ind2=" " ind1=" " tag="520">
      <subfield code="a">Aunque las situaciones monoparentales han estado presentes a lo largo de toda la historia, el concepto que se utiliza en la actualidad para referirse a ellas es relativamente joven, pues hasta bien entrada la segunda mitad del siglo xx no se dieron las condiciones sociales y estructurales necesarias para su aparición. Pero, ¿cuáles fueron esas condiciones especiales que posibilitaron el nacimiento del término monoparentalidad?, ¿qué otros conceptos se empleaban hasta aquel momento?, ¿esta expresión seguirá existiendo durante las próximas décadas o, por el contrario, irá sufriendo cambios?, de ser así, ¿en qué dirección irán esos cambios? Atendiendo a estas cuestiones, en este artículo se realiza un análisis sobre la evolución que ha ido experimentando, a lo largo del siglo xx, la terminología empleada para referirse a las hoy conocidas como familias monoparentales, prestando especial atención al contexto sociohistórico en el que se originó este término y al futuro hasta ahora incierto que le aguarda.</subfield>
   </datafield>
   <datafield ind2=" " ind1=" " tag="520">
      <subfield code="a">Although single-parent families have existed throughout history, the concept that we currently use to refer to them is relatively recent as the social and structural conditions necessary for its existence did not arise until the second half of the 20th century. But what were these special conditions that made the coining of the term 'single parenthood' possible? What concepts were used up to that moment? Will this expression exist over the next decades or, on the contrary, will it undergo changes and in what direction will these changes go? To answer these questions, in this paper we analyze the evolution of the terminology used to designate single-parent families during the 20th century, paying special attention to the sociohistorical context in which the term originated and its yet unknown future.</subfield>
   </datafield>
   <datafield tag="653" ind2=" " ind1=" ">
      <subfield code="a">Família trencada</subfield>
   </datafield>
   <datafield tag="653" ind2=" " ind1=" ">
      <subfield code="a">Família incomplerta</subfield>
   </datafield>
   <datafield tag="653" ind2=" " ind1=" ">
      <subfield code="a">Família monoparental</subfield>
   </datafield>
   <datafield tag="653" ind2=" " ind1=" ">
      <subfield code="a">Família monomarental</subfield>
   </datafield>
   <datafield tag="653" ind2=" " ind1=" ">
      <subfield code="a">Evolució conceptual</subfield>
   </datafield>
   <datafield tag="653" ind2=" " ind1=" ">
      <subfield code="a">Familia rota</subfield>
   </datafield>
   <datafield tag="653" ind2=" " ind1=" ">
      <subfield code="a">Familia incompleta</subfield>
   </datafield>
   <datafield tag="653" ind2=" " ind1=" ">
      <subfield code="a">Familia monoparental</subfield>
   </datafield>
   <datafield tag="653" ind2=" " ind1=" ">
      <subfield code="a">Familia monomarental</subfield>
   </datafield>
   <datafield tag="653" ind2=" " ind1=" ">
      <subfield code="a">Evolución conceptual</subfield>
   </datafield>
   <datafield tag="653" ind2=" " ind1=" ">
      <subfield code="a">Broken families</subfield>
   </datafield>
   <datafield tag="653" ind2=" " ind1=" ">
      <subfield code="a">Incomplete families</subfield>
   </datafield>
   <datafield tag="653" ind2=" " ind1=" ">
      <subfield code="a">Single-parent families</subfield>
   </datafield>
   <datafield tag="653" ind2=" " ind1=" ">
      <subfield code="a">Single-mother families</subfield>
   </datafield>
   <datafield tag="653" ind2=" " ind1=" ">
      <subfield code="a">Conceptual evolution</subfield>
   </datafield>
   <datafield ind2="0" ind1="0" tag="245">
      <subfield code="a">Origen del concepto de «monoparentalidad». Un ejercicio de contextualización sociohistórica</subfield>
   </datafield>
</record></metadata></record></GetRecord></OAI-PMH>